000 00650nam a2200253Ia 4500
003 OSt
005 20220918225548.0
006 a|||||r|||| 00| 0
007 ta
008 220917b |||||||| |||| 00| 0 eng d
024 _a242,624
037 _cTextual
040 _aARTS
_cARTS
_beng
041 _2eng
_aeng
082 _aV55:73.K, [Q0]
100 _aVolz Perer
_9150666
245 0 _aEmblems of eminence
260 _c2010
300 _a223p.
_ccm.
650 _aHISTORY
700 _a Jokisch Hans Christoph
_9150667
942 _hV55:73.K, [Q0]
_cTEXL
_2CC
999 _c285048
_d285048